|
|
|
|
| LEADER |
00000nam a22000007i 4500 |
| 001 |
IT\ICCU\UBO\4170087 |
| 003 |
ItRI |
| 005 |
20260115232204.0 |
| 008 |
160216s2015 it |||||| ||||| |||||c |
| 020 |
|
|
|a 9788897182177
|
| 040 |
|
|
|b ita
|c importazione bologna sebina
|
| 041 |
|
7 |
|a ita
|2 ISO-639-2
|
| 245 |
0 |
3 |
|a Le strade dell'amore :
|b cura pastorale e giustizia sociale per le persone omosessuali e transessuali /
|c James Alison ... [et. al.].
|
| 260 |
|
|
|a Firenze :
|b Piagge,
|c 2015
|
| 300 |
|
|
|a iii, 143 p. ;
|c 22 cm
|
| 700 |
1 |
|
|a Alison, James
|0 IT\ICCU\UBOV\876215
|
| 830 |
|
0 |
|a Trame ;
|v 3
|0 IT\ICCU\UFI\0570645
|
| 942 |
|
|
|2 ddc
|c BK
|n 0
|
| 952 |
|
|
|0 0
|1 0
|4 0
|6 DOC_261_835000000000000_ALI
|7 0
|9 21625
|a BO
|b BO
|d 2026-01-15
|i 18049
|l 0
|o DOC 261.835 ALI
|p BO18049
|r 2026-01-15 23:22:04
|w 2026-01-15
|x [Sebina 5] [1 v.]
|y BK
|z 1 v.
|
| 999 |
|
|
|c 18469
|d 18469
|